| 000 | 01127nam a22002537a 4500 | ||
|---|---|---|---|
| 005 | 20170124103216.0 | ||
| 010 | _aB-180658 | ||
| 020 |
_c200.00 _a8188536024 |
||
| 035 | _aB-180658 | ||
| 037 | _bCen Lib/Ret | ||
| 040 |
_aDPL _bHN |
||
| 082 |
_a230.1 _bचन्द्रशे |
||
| 100 |
_aचन्द्रशेखर शास्त्री _943628 |
||
| 245 |
_aश्रीकृष्ण बाल - लीला / _cचन्द्रशेखर शास्त्री |
||
| 246 |
_aShreekrihn baal - leela / _bby Chandrashekhar Shastri |
||
| 260 |
_aदिल्ली _bगुरुकुल विद्यापीठ प्रकाशन _c2004 |
||
| 270 |
_bदिल्ली _aसी-९/96, यमुना विहार _e110053 |
||
| 300 |
_a178पृ. _c20सेमी(सजिल्द ) |
||
| 650 |
_aहिन्दू धर्म _x _z _999010 |
||
| 650 |
_aहिन्दू धर्म -- बाल लीला _978703 |
||
| 650 |
_aHinduism _999011 |
||
| 650 |
_aHinduism - Bal Leela _999012 |
||
| 942 |
_2ddc _cHN _h230.1 _mचन्द्रशे |
||
| 999 |
_c121515 _d121515 |
||